00366pab a2200133 454500008004000000100001400040245006200054260000900116300001300125362001200138650002200150650001600172773004400188180718b2006 xxu||||| |||| 00| 0 eng d aHaque, T. aLand tenure and rural development in Afro-Asian countries c2006 ap.45-63. aJul-Dec aRural development aLand tenure aAfro-Asian Journal of Rural Development